MARC

LEADER 00000nam1a2200000 4500
001 374358
005 20231102012638.0
020 |a RU  |b 83-81822 
035 |a (RuTPU)RU\TPU\retro\31792 
035 |a RU\TPU\book\250022 
090 |a 374358 
100 |a 20221219d1983 k y0rusy5003 ca 
101 0 |a rus 
102 |a UA 
200 1 |a Нелинейные волны намагниченности. Динамические и топологические солитоны  |f А. М. Косевич, Б. А. Иванов, А. С. Ковалев  |g Академия наук Украинской ССР (АН УССР), Физико-технический институт низких температур им. Б. И. Веркина (ФТИНТ) 
210 |a Киев  |c Наукова думка  |d 1983 
215 |a 190 с.  |c ил. 
320 |a Библиогр.: с. 183-189. 
606 1 |a Квантовая электродинамика  |2 stltpush  |3 (RuTPU)RU\TPU\subj\14225  |9 40680 
610 1 |a магнитоупорядоченные среды 
610 1 |a нелинейная динамика 
610 1 |a спиновые комплексы 
610 1 |a уравнения 
610 1 |a солитоны 
610 1 |a многосолитонные состояния 
610 1 |a ферромагнетики 
610 1 |a дисклинации 
610 1 |a вихри 
675 |a 537.8:530.145  |v 3 
700 1 |a Косевич  |b А. М.  |g Арнольд Маркович 
701 1 |a Иванов  |b Б. А.  |g Борис Алексеевич 
701 1 |a Ковалев  |b А. С.  |g Александр Семенович 
712 0 2 |a Академия наук Украинской ССР (АН УССР)  |b Физико-технический институт низких температур им. Б. И. Веркина (ФТИНТ)  |c (Харьков)  |2 stltpush  |3 (RuTPU)RU\TPU\col\1121 
801 0 |a RU  |b RuMRKP  |c 19950704  |g psbo 
801 1 |a RU  |b 63413507  |c 20130111 
801 2 |a RU  |b 63413507  |c 20221219  |g RCR 
942 |c BK